Sports Quiz

Random Sports Quiz

New York Yankees Bests Quiz Stats

Quiz not verified by Sporcle

Challenge
Share
Tweet
Embed
Score 0/12 Timer 04:00
0 Plays Today
Statistic Player % Correct
Home RunsBabe Ruth
90.9%
HitsDerek Jeter
84.1%
Slugging PercentageBabe Ruth
82.7%
RBIsLou Gehrig
80.8%
Batting AverageBabe Ruth
79.8%
On Base PercentageBabe Ruth
79.8%
Extra Base HitsLou Gehrig, with one more than Ruth
79.3%
Runs ScoredBabe Ruth
78.4%
Strikeouts - PitcherWhitey Ford
76%
Games - PitcherMariano Rivera
64.9%
Games - All PlayersMickey Mantle
63.5%
Earned Run AverageMariano Rivera
58.2%

You're not logged in!

Compare scores with friends on all Sporcle quizzes.
Sign Up with Email
OR
Log In

You Might Also Like...

Show Comments

Extras

Top Quizzes Today


Score Distribution

Your Account Isn't Verified!

In order to create a playlist on Sporcle, you need to verify the email address you used during registration. Go to your Sporcle Settings to finish the process.